Otázky priameho merania intenzity v dozvukových podmienkach

Bibliographic Details
Main Author: Ducko, Aristid, 1932-2014 (Author)
Format: Article
Language:Slovak
PhysicalDescription:Lit. 11 zázn. v angl., slov.
ISBN:8096721461
Subjects:

MARC

LEADER 00000nab a2200000 a 4500
001 vtls000543150
003 SK-MaSNL
005 20260303204644.0
008 160204c1994 xo 0 slo
015 |a SNBRA19rr/mm-uuuuu 
035 |a CL0543288 
040 |a SNKBUCL  |b slo  |c SNKBUCL  |e AACR2 
041 0 |a slo 
044 |a xo  |c SK 
080 |a 534.61  |2 1981 
100 1 |a Ducko, Aristid,  |d 1932-2014  |4 aut  |9 8893 
245 1 0 |a Otázky priameho merania intenzity v dozvukových podmienkach  |c Aristid Ducko 
300 |b Lit. 11 zázn. v angl., slov. 
650 0 7 |a zvuk  |2 snkbucl  |9 23227 
650 0 7 |a intenzita zvuku  |2 snkbucl  |9 1238657 
655 7 |a články zo zborníkov  |2 snkbucl  |9 166140 
773 0 |t Hluk a vibrácie v praxi  |d Žilina : IVEPO, 1994  |g S. 102-105  |z 8096721461 
850 |a Slovenská národná knižnica v Martine  |a MTA001 
852 |a SNK  |b KIS3GCP 
958 |a NB 
958 |a RK 
992 |a RZB 
999 |c 2190931  |d 2192861